000 00294nam a22001337a 4500
008 170825b xxu||||| |||| 00| 0 eng d
020 _a2900881339627
041 _aeng
080 _22ND
_a070
100 _a39
101 _aMED
245 _aMASS MEDIA EFFECTS
_cJEFFRES,L.W
942 _2udc
_cBK
999 _c25052
_d25052